000 00299 a2200145 4500
001 195029
040 _cMagnum
100 _aANDARILHO, Jessé
240 1 0 _aSuper Protetores
_lpor
245 1 0 _aSuper Protetores
300 _a12
362 0 _a2020
697 _aLITERATURA INFANTIL
942 _cBK
999 _c195029
_d195029